<?xml version="1.0" encoding="UTF-8"?><?xml-stylesheet type="text/xsl" href="static/style.xsl"?><OAI-PMH xmlns="http://www.openarchives.org/OAI/2.0/" xmlns:xsi="http://www.w3.org/2001/XMLSchema-instance" xsi:schemaLocation="http://www.openarchives.org/OAI/2.0/ http://www.openarchives.org/OAI/2.0/OAI-PMH.xsd"><responseDate>2026-06-01T22:28:16Z</responseDate><request verb="GetRecord" identifier="oai:riuma.uma.es:10630/31506" metadataPrefix="marc">https://riuma.uma.es/rest/oai/request</request><GetRecord><record><header><identifier>oai:riuma.uma.es:10630/31506</identifier><datestamp>2026-02-03T11:25:11Z</datestamp><setSpec>com_10630_2254</setSpec><setSpec>col_10630_37953</setSpec></header><metadata><record xmlns="http://www.loc.gov/MARC21/slim" xmlns:dcterms="http://purl.org/dc/terms/" xmlns:doc="http://www.lyncode.com/xoai" xmlns:xsi="http://www.w3.org/2001/XMLSchema-instance" xsi:schemaLocation="http://www.loc.gov/MARC21/slim http://www.loc.gov/standards/marcxml/schema/MARC21slim.xsd">
   <leader>00925njm 22002777a 4500</leader>
   <datafield ind2=" " ind1=" " tag="042">
      <subfield code="a">dc</subfield>
   </datafield>
   <datafield ind2=" " ind1=" " tag="720">
      <subfield code="a">Vargas-Díaz, Ingrid Carolina</subfield>
      <subfield code="e">author</subfield>
   </datafield>
   <datafield ind2=" " ind1=" " tag="720">
      <subfield code="a">Jiménez-Morales, Eduardo</subfield>
      <subfield code="e">author</subfield>
   </datafield>
   <datafield ind2=" " ind1=" " tag="260">
      <subfield code="c">2013-01-01</subfield>
   </datafield>
   <datafield ind2=" " ind1=" " tag="520">
      <subfield code="a">La presencia de grandes áreas de asentamientos informales en las ciudades latinoamericanas se debe, en gran parte, al crecimiento acelerado de su población urbana. Hasta ahora, de las medidas aplicadas por los gobiernos frente a estos procesos urbanos se destacan los Programas de Mejoramiento Barrial (PMB), un instrumento ex-post de planificación multidimensional que busca su integración y la de su población. Sin embargo, en algunos casos, la participación comunitaria suele ser poco significativa y sólo se justifica para cumplir los requisitos de los organismos financieros internacionales. Una situación que parece producirse en Ibagué, particularmente en el PMB piloto del barrio Las Delicias.&#xd;
Este artículo, basado en una investigación en proceso, analiza inicialmente el crecimiento acelerado de la población urbana en Latinoamérica, expone algunas de las lecciones aprendidas de los PMB y, finalmente, se centra en Ibagué y en su informalidad.</subfield>
   </datafield>
   <datafield ind1="8" ind2=" " tag="024">
      <subfield code="a">Vargas-Díaz, I. C., &amp; Jiménez-Morales, E. (2013). Integración socio-espacial de asentamientos informales en Ibagué, Colombia. Un proyecto de cooperación al desarrollo. Revista Bitácora Urbano Territorial, 23(2), 117-128</subfield>
   </datafield>
   <datafield ind1="8" ind2=" " tag="024">
      <subfield code="a">https://hdl.handle.net/10630/31506</subfield>
   </datafield>
   <datafield tag="653" ind2=" " ind1=" ">
      <subfield code="a">Vivienda - Aspectos sociales</subfield>
   </datafield>
   <datafield tag="653" ind2=" " ind1=" ">
      <subfield code="a">Arquitectura y sociedad</subfield>
   </datafield>
   <datafield ind2="0" ind1="0" tag="245">
      <subfield code="a">Integración socio-espacial de asentamientos informales en Ibagué, Colombia. Un proyecto de cooperación al desarrollo.</subfield>
   </datafield>
</record>
</metadata></record></GetRecord></OAI-PMH>